00241nam a2200109Ia 4500100001700000654001500017245004500032260002000077082001400097300000800111546001200119 aZurada J.M.  aartificial aIntroduction to Artificial Neural system bJaico Pubc2003 a4.65bZUR a683 aENGLISH